Statistics for Countries of Asia

Click here to take the quiz!

General Stats

  • This quiz has been taken 7,180 times
    (6,658 since last reset)
  • The average score is 37 of 48

Answer Stats

Country% Correct
China
95%
Japan
91%
India
91%
South Korea
89%
North Korea
89%
Pakistan
86%
Indonesia
86%
Iran
86%
Iraq
86%
Afghanistan
85%
Vietnam
85%
Thailand
84%
Cambodia
83%
Mongolia
83%
Laos
82%
Nepal
80%
Malaysia
80%
Yemen
79%
Oman
79%
Bangladesh
79%
Saudi Arabia
79%
Uzbekistan
78%
Turkmenistan
78%
Israel
78%
Armenia
77%
Burma (Myanmar)
77%
Taiwan
77%
Jordan
77%
Singapore
76%
Bhutan
76%
Sri Lanka
76%
Turkey
74%
United Arab Emirates
73%
Qatar
73%
Syria
72%
Kuwait
71%
Azerbaijan
70%
Georgia
69%
Lebanon
69%
Tajikistan
69%
Bahrain
68%
Brunei
68%
Kazakhstan
63%
Philippines
62%
Russia
61%
East Timor
60%
Maldives
56%
Kyrgyzstan
51%

Score Distribution

Percentile by Number Answered

Percent of People with Each Score

Your Score History

You have not taken this quiz since the last reset